000 00507nam a2200193 a 4500
005 20230610063829.0
008 991125s1989 mx 000 0 spa u
020 _a9688670049
035 _aUPN01000040105
049 _aCG
050 4 _aPN73 P7.4
_b1989
100 1 _aPropp, Vladimir
245 1 0 _aMorfología del cuento /
_cVladimir Propp
260 _aMéxico :
_bColofón,
_c1989
300 _a224 p. +
_e1 h. pleg.
650 4 _aCuentos
_93090
650 4 _aINVESTIGACION LITERARIA
905 _aLibro
999 _c40105
_d40105